Statistics for The big bang theory character nicknames

Click here to take the quiz!

General Stats

  • This quiz has been taken 10 times
  • The average score is 6 of 10

Answer Stats

HintNickname% Correct
Sheldon Coopes- He's called this by his MeemawMoonpie
100%
Howard Wolowitz- He's called this by Bernadette and his motherHowie
78%
Sheldon Cooper- He's called this by his motherShelly
78%
Bernadette Rostenkowski- The name Howard calls herBernie
67%
Howard Wolowitz- The name the other astronauts end up calling himFruitloops/Floops
67%
Howard Wolowitz- The name he wanted to be called by the other astronautsRocket-Man
67%
Leonard Hofstadter- Then name on the sweater his aunt made himLenny
56%
Stuart Bloom- The name that Mrs. Wolowitz calls himStewie
44%
Mrs. Wolowitz (Howard's mom)- The name that Stuart calls herDebbie
22%
Amy Farrah Fowler- The 9th grade girls put Rogaine in her hand lotionGorilla fingers Fowler/Fuzzy fingers Fowler
11%

Score Distribution

Percentile by Number Answered

Percent of People with Each Score

Your Score History

You have not taken this quiz